La idea de edad media: entre el sentido común y la práctica historiográfica

Furkejuvvon:
Bibliográfalaš dieđut
Váldodahkki: Sergi, Giuseppe (Dahkki)
Materiálatiipa: Girji
Giella:espánnjágiella
Almmustuhtton: Barcelona Crítica 2000
Ráidu:Biblioteca de Bolsillo, 59
Fáttát:
Fáddágilkorat: Lasit fáddágilkoriid
Eai fáddágilkorat, Lasit vuosttaš fáddágilkora!

MARC

LEADER 00000nam a2200000 a 4500
001 UCN7541
003 CL-VaPUC
008 011018e20000000SP |||||||||||||||||spa|d
082 0 4 |a 940.1  |b SER  |2 21 
100 0 |a Sergi, Giuseppe  |e author  |9 463447 
245 1 3 |a La idea de edad media: entre el sentido común y la práctica historiográfica 
300 |a 135 p 
942 |c BK 
945 |d 20011018 00:00:00  |a crobeson 
260 |a Barcelona  |b Crítica  |c 2000 
650 7 |a EDAD MEDIA - HISTORIOGRAFIA  |2 CL-VaPUC  |9 463448 
650 0 |a Feudalismo  |9 313469 
650 0 |a Cristianismo  |9 257361 
583 |a last modification  |c 20011018 00:00:00  |k Rodrigo Vera 
490 0 |a Biblioteca de Bolsillo, 59 
999 |c 297787  |d 297785 
952 |0 0  |1 0  |4 0  |6 940_100000000000000_SER_2000  |7 0  |8 R  |9 352778  |a BIBHIS  |b BIBHIS  |d 2019-11-21  |i 3753085  |l 3  |o 940.1 SER 2000  |p 3753085  |r 2024-01-30  |s 2020-04-20  |w 2019-11-21  |y BK_R  |k HIS